| 000 | 00636nam a2200253 a 4500 | ||
|---|---|---|---|
| 001 | nice12345678 | ||
| 003 | IN_TiNIC | ||
| 005 | 20260116011322.0 | ||
| 008 | 050524s1937 oxfa grp 000 0 eng | ||
| 020 |
_a _c100 |
||
| 082 | 0 | 0 |
_a226.5 _bDRO |
| 100 | _aDrower, E S | ||
| 245 |
_aMandaeans of Iraq and Iran _b Their Cults, Customs, Magic Legends, &folklore |
||
| 260 |
_aOxford _bClarendon Press _c1937 |
||
| 300 | _a436p | ||
| 500 | _aincludes index and biblioraphy | ||
| 505 | 2 | _aIndex | |
| 650 | _aMandaeans | ||
| 650 | _aBible N.T. Gospel | ||
| 700 | 1 | _aDrower, E S | |
| 902 | _bSRS | ||
| 942 | _cBK | ||
| 999 |
_c465 _d465 |
||